000 00858pam a2200289 a 4500
999 _c5138
_d5138
001 5138
003 BD-JhCC
005 20171209173103.0
008 840724s1985 nyua b 001 0 eng
020 _a0070118086
035 _a(BD-JhCC)
040 _aDLC
_cDLC
_dDLC
041 _aeng
050 0 0 _aTK7871.6
_b.C62 1985
082 0 0 _a621.3841/1
_219
_bCol 1985
100 1 _aCollin, Robert E.
245 1 0 _aAntennas and radiowave propagation /
_cRobert E. Collin.
260 _aNew York :
_bMcGraw-Hill,
_cc1985.
300 _axii, 508 p. :
_bill. ;
_c24 cm.
440 0 _aMcGraw-Hill series in electrical engineering.
_pRadio, television, radar, and antennas
500 _aIncludes indexes.
504 _aBibliography: p. 493-495.
650 0 _aAntennas (Electronics)
650 0 _aRadio wave propagation.
942 _2ddc
_cBK